Rugby - XV de l'Angleterre pour le tournoi des 6 nations. - Statistiques

Statistiques générales
  • Ce quiz a été pris 54 fois
  • Le résultat moyen est 9 sur 15
Statistiques - réponses
Poste Joueurs % Correct
Demi d'ouverture Smith
95%
Arrière Smith
95%
2ème ligne Itoje
88%
Pilier Gauche Genge
81%
3ème ligne aile Curry
74%
3ème ligne aile Earl
74%
Ailier Freeman
72%
Demi de mêlée Mitchell
72%
Centre Lawrence
60%
3ème ligne centre Willis
60%
Talonneur Cowan-Dickie
56%
Centre Slade
44%
Pilier Droit Stuart
37%
2ème ligne Martin
23%
Ailier Sleightholme
14%
Aucun quiz correspondant
Distribution des résultats
% des personnes avec chaque résultat
Percentile par nombre de réponses
Votre historique - résultats
Vous n’avez pas pris ce quiz